000 00655nam a22002177a 4500
003 OSt
005 20240626131554.0
008 240626b |||||||| |||| 00| 0 eng d
020 _a0855985291
040 _cMUST
082 _a371.8 BEY 2005
100 _aedited by Sheila Aikman
_918098
245 _aBeyond Access
_b: transforming policy and practice for gender quality in education
260 _aLondon
_b: Oxfam publishing
_c, C 2005
300 _avii,263p.
_b: ill
_c; 23 cm
504 _aincludes index
650 _aGender equality
_918099
650 _aTransforming policy
_918100
700 _aElaine Unterhalter
_918101
942 _2ddc
_cO_SHELF
999 _c8939
_d8939